<?xml version="1.0" encoding="UTF-8"?>
<record
    xmlns:xsi="http://www.w3.org/2001/XMLSchema-instance"
    xsi:schemaLocation="http://www.loc.gov/MARC21/slim http://www.loc.gov/standards/marcxml/schema/MARC21slim.xsd"
    xmlns="http://www.loc.gov/MARC21/slim">

  <leader>04515nam a2200445 a 4500</leader>
  <controlfield tag="003">CHAP</controlfield>
  <controlfield tag="005">20240611125141.0</controlfield>
  <controlfield tag="007">ta</controlfield>
  <controlfield tag="008">230703s2022    mx ado|fom||| 001 0 spa d</controlfield>
  <datafield tag="040" ind1=" " ind2=" ">
    <subfield code="e">rda</subfield>
  </datafield>
  <datafield tag="041" ind1=" " ind2=" ">
    <subfield code="a">spa</subfield>
    <subfield code="b">eng</subfield>
  </datafield>
  <datafield tag="100" ind1="1" ind2=" ">
    <subfield code="9">185319</subfield>
    <subfield code="a">Hern&#xE1;ndez Hern&#xE1;ndez, Evelin </subfield>
  </datafield>
  <datafield tag="245" ind1="1" ind2="0">
    <subfield code="a">Aplicaci&#xF3;n de nisina en la conservaci&#xF3;n de queso oaxaca elaborado a partir de leche cruda / </subfield>
    <subfield code="c">Evelin Hern&#xE1;ndez Hern&#xE1;ndez</subfield>
  </datafield>
  <datafield tag="264" ind1=" " ind2=" ">
    <subfield code="a">Chapingo, M&#xE9;xico :</subfield>
    <subfield code="b">El autor,</subfield>
    <subfield code="c">2022</subfield>
  </datafield>
  <datafield tag="300" ind1=" " ind2=" ">
    <subfield code="a">1 recurso en l&#xED;nea (74 p&#xE1;ginas) :</subfield>
    <subfield code="b">ilustraciones, diagramas, gr&#xE1;ficas, tablas, fotos</subfield>
  </datafield>
  <datafield tag="336" ind1=" " ind2=" ">
    <subfield code="2">rdacontent</subfield>
    <subfield code="a">texto</subfield>
    <subfield code="b">txt</subfield>
  </datafield>
  <datafield tag="337" ind1=" " ind2=" ">
    <subfield code="2">rdamedia</subfield>
    <subfield code="a">computadora</subfield>
    <subfield code="b">c</subfield>
  </datafield>
  <datafield tag="338" ind1=" " ind2=" ">
    <subfield code="2">rdacarrier</subfield>
    <subfield code="a">recurso en l&#xED;nea</subfield>
    <subfield code="b">cr</subfield>
  </datafield>
  <datafield tag="502" ind1=" " ind2=" ">
    <subfield code="a">Tesis</subfield>
    <subfield code="b">IA</subfield>
    <subfield code="c">Agroindustrias</subfield>
    <subfield code="d">2022</subfield>
    <subfield code="g">LIC</subfield>
  </datafield>
  <datafield tag="504" ind1=" " ind2=" ">
    <subfield code="a">Bibliograf&#xED;a: p&#xE1;ginas 56-66</subfield>
  </datafield>
  <datafield tag="520" ind1="3" ind2=" ">
    <subfield code="a">El uso de la nisina, una bacteriocina natural, es una alternativa para disminuir los riesgos microbiol&#xF3;gicos en la elaboraci&#xF3;n de queso con leche cruda, aumentar la vida &#xFA;til del producto y, en consecuencia, mejorar su comercializaci&#xF3;n. En este estudio se evalu&#xF3; el efecto de dos concentraciones de nisina: 10 y 16.7 mg&#x2022;kg-1 de queso (adicionada antes del cuajado) en las caracter&#xED;sticas fisicoqu&#xED;micas, microbiol&#xF3;gicas y mec&#xE1;nico-sensoriales del queso Oaxaca elaborado en Reyes Etla, Oaxaca (Quesillo) y Texcoco, Estado de M&#xE9;xico, a partir de leche cruda. Se determin&#xF3; la composici&#xF3;n qu&#xED;mica proximal, actividad de agua (&#xAB64;w), pH, calidad microbiol&#xF3;gica general y propiedades mec&#xE1;nico-sensoriales del producto, durante 14 d&#xED;as de almacenamiento. De los resultados obtenidos, tras su an&#xE1;lisis, se observ&#xF3; diferencia estad&#xED;sticamente significativa (p &#xF0A3; 0.05) en la cuenta de bacterias mes&#xF3;filas aerobias, coliformes totales y Staphylococcus aureus en los quesos con diferentes tratamientos; respecto a la calidad sensorial, composici&#xF3;n qu&#xED;mica y propiedades texturales no se detectaron cambios (p &gt; 0.05). Al mejorar la calidad microbiol&#xF3;gica y no modificar las propiedades sensoriales, texturales y composici&#xF3;n qu&#xED;mica la nisina, efectivamente, puede considerarse una alternativa como bioconservador aplicado en leche cruda para la elaboraci&#xF3;n de queso Oaxaca y Quesillo.</subfield>
  </datafield>
  <datafield tag="520" ind1="3" ind2=" ">
    <subfield code="a">The use of nisin, a natural bacteriocin, is an alternative to reduce microbiological risks in the production of cheese made aw milk, increase the shelf life of the product and, consequently, improve its marketing. In this study, the effect of two concentrations of nisin was evaluated: 10 and 16.7 mg&#x2022;kg-1 cheese (added before curdling) on the physicochemical, microbiological and mechanical-sensory characteristics of Oaxaca cheese made in Reyes Etla, Oaxaca (Quesillo) and Texcoco, State of Mexico, from raw milk. The proximal chemical composition, water activity (&#xAB64;w), pH, general microbiological quality and mechanical-sensory properties of the product were determined during 14 days of storage. From the results obtained, after analysis, a statistically significant difference (p &#xF0A3; 0.05) was observed in the count of aerobic mesophilic bacteria, total coliforms and Staphylococcus aureus in the cheeses with different treatments, regarding sensory quality, chemical composition and textural properties; No changes were detected (p &gt; 0.05). By improving the microbiological quality and not modifying the sensory, textural and chemical composition properties, nisin can indeed be considered an alternative as a biopreservative applied to raw milk for the production of Oaxaca and Quesillo cheese.</subfield>
  </datafield>
  <datafield tag="650" ind1="1" ind2="3">
    <subfield code="9">187514</subfield>
    <subfield code="a">Nisina</subfield>
    <subfield code="x">Preservantes de alimentos</subfield>
    <subfield code="2">atg</subfield>
  </datafield>
  <datafield tag="650" ind1="1" ind2="3">
    <subfield code="9">144378</subfield>
    <subfield code="a">Preservaci&#xF3;n de alimentos</subfield>
    <subfield code="2">atg</subfield>
  </datafield>
  <datafield tag="650" ind1="1" ind2="3">
    <subfield code="9">142512</subfield>
    <subfield code="a">Quesos</subfield>
    <subfield code="x">Tiempo de vida</subfield>
    <subfield code="2">atg</subfield>
  </datafield>
  <datafield tag="650" ind1="1" ind2="3">
    <subfield code="9">142991</subfield>
    <subfield code="a">Fabricaci&#xF3;n de queso</subfield>
    <subfield code="2">atg</subfield>
  </datafield>
  <datafield tag="650" ind1="1" ind2="3">
    <subfield code="9">58836</subfield>
    <subfield code="a">Inocuidad alimentaria</subfield>
    <subfield code="2">atg</subfield>
  </datafield>
  <datafield tag="650" ind1="1" ind2="3">
    <subfield code="9">140140</subfield>
    <subfield code="a">Tecnolog&#xED;a alimentaria</subfield>
    <subfield code="2">atg</subfield>
  </datafield>
  <datafield tag="650" ind1="1" ind2="3">
    <subfield code="9">187516</subfield>
    <subfield code="a">Nisin</subfield>
    <subfield code="x">Food preservatives</subfield>
    <subfield code="2">atg</subfield>
  </datafield>
  <datafield tag="650" ind1="1" ind2="3">
    <subfield code="9">147450</subfield>
    <subfield code="a">Food preservation</subfield>
    <subfield code="2">atg</subfield>
  </datafield>
  <datafield tag="650" ind1="1" ind2="3">
    <subfield code="9">148387</subfield>
    <subfield code="a">Cheeses  </subfield>
    <subfield code="x">Shelf life</subfield>
    <subfield code="2">atg</subfield>
  </datafield>
  <datafield tag="650" ind1="1" ind2="3">
    <subfield code="9">146964</subfield>
    <subfield code="a">Cheesemaking</subfield>
    <subfield code="2">atg</subfield>
  </datafield>
  <datafield tag="650" ind1="1" ind2="3">
    <subfield code="9">148470</subfield>
    <subfield code="a">Food safety</subfield>
    <subfield code="2">atg</subfield>
  </datafield>
  <datafield tag="650" ind1="1" ind2="3">
    <subfield code="9">148811</subfield>
    <subfield code="a">Food technology  </subfield>
    <subfield code="2">atg</subfield>
  </datafield>
  <datafield tag="700" ind1="1" ind2=" ">
    <subfield code="9">151810</subfield>
    <subfield code="a">Sandoval Castilla, Ofelia</subfield>
    <subfield code="e">directora</subfield>
  </datafield>
  <datafield tag="700" ind1="1" ind2=" ">
    <subfield code="9">161718</subfield>
    <subfield code="a">Flores Gir&#xF3;n, Emmanuel</subfield>
    <subfield code="e">asesor</subfield>
  </datafield>
  <datafield tag="700" ind1="1" ind2=" ">
    <subfield code="9">185141</subfield>
    <subfield code="a">Villegas de Gante, Abraham Zacarias</subfield>
    <subfield code="e">asesor</subfield>
  </datafield>
  <datafield tag="856" ind1="4" ind2="0">
    <subfield code="y">DESCARGAR PDF</subfield>
    <subfield code="u">http://10.13.5.2/tesis/tl/1511097-4_Hernandez-Hernandez_Evelin.pdf</subfield>
  </datafield>
  <datafield tag="942" ind1=" " ind2=" ">
    <subfield code="2">Clasificaci&#xF3;n Universidad Aut&#xF3;noma Chapingo</subfield>
    <subfield code="c">TD</subfield>
  </datafield>
  <datafield tag="999" ind1=" " ind2=" ">
    <subfield code="c">218997</subfield>
    <subfield code="d">218997</subfield>
  </datafield>
  <datafield tag="952" ind1=" " ind2=" ">
    <subfield code="0">0</subfield>
    <subfield code="1">0</subfield>
    <subfield code="2">local</subfield>
    <subfield code="4">0</subfield>
    <subfield code="7">0</subfield>
    <subfield code="8">TesDigL</subfield>
    <subfield code="a">IA_</subfield>
    <subfield code="b">IA_</subfield>
    <subfield code="c">E_L</subfield>
    <subfield code="d">2023-07-03</subfield>
    <subfield code="e">El autor</subfield>
    <subfield code="l">0</subfield>
    <subfield code="p">1201013719</subfield>
    <subfield code="r">2023-07-03 00:00:00</subfield>
    <subfield code="w">2023-07-03</subfield>
    <subfield code="y">TD</subfield>
  </datafield>
  <datafield tag="952" ind1=" " ind2=" ">
    <subfield code="0">0</subfield>
    <subfield code="1">0</subfield>
    <subfield code="2">local</subfield>
    <subfield code="4">0</subfield>
    <subfield code="5">1</subfield>
    <subfield code="7">0</subfield>
    <subfield code="8">TesDigL</subfield>
    <subfield code="a">BD</subfield>
    <subfield code="b">BD</subfield>
    <subfield code="c">E_L</subfield>
    <subfield code="d">2024-02-06</subfield>
    <subfield code="e">El autor</subfield>
    <subfield code="l">0</subfield>
    <subfield code="o">Tesis digital</subfield>
    <subfield code="p">1301013719</subfield>
    <subfield code="r">2024-02-06 00:00:00</subfield>
    <subfield code="w">2024-02-06</subfield>
    <subfield code="y">TD</subfield>
  </datafield>
</record>
